| 000 | 00471cam a2200181ua 4500 | ||
|---|---|---|---|
| 020 | _c60.00 | ||
| 041 |
_aeng _h |
||
| 082 |
_a630.301 _bSEE/ST |
||
| 100 | _aSeetharam, G.N . | ||
| 245 |
_aStrategy and tactics of India`s agricultural development / _cG.N.Seetharam. _hTextual Documents |
||
| 250 |
_a1 / _b. |
||
| 260 |
_aDelhi : _bAjantha Publications , _c1984. |
||
| 300 | _a154 ; . | ||
| 365 | _a60.00 | ||
| 504 | _a | ||
| 942 | _cBK | ||
| 999 |
_c1470 _d1470 |
||